Statistics for Presidents by their vice presidents

Click here to take the quiz!

General Stats

  • This quiz has been taken 17 times
  • The average score is 36 of 46

Answer Stats

HintPresidentVice PresidentVice PresidentVice President% Correct
1865-1869Andrew Johnson
100%
1789-1797George WashingtonJohn Adams
100%
1963-1969Lyndon JohnsonHubert Humphrey
100%
1801-1809Thomas JeffersonAaron BurrGeorge Clinton
100%
1861-1865Abraham LincolnHannibal HamlinAndrew Johnson
94%
1993-2001Bill ClintonAl Gore
94%
2017-2021Donald TrumpMike Pence
94%
1933-1945Franklin RooseveltJohn Nance GarnerHenry WallaceHarry Truman
94%
1989-1993George HW BushDan Quayle
94%
2001-2009George W BushDick Cheney
94%
1974-1977Gerald FordNelson Rockefeller
94%
1945-1953Harry TrumanAlben Barkley
94%
1977-1981Jimmy CarterWalter Mondale
94%
2021-Joe BidenKamala Harris
94%
1797-1801John AdamsThomas Jefferson
94%
1825-1829John Quincy AdamsJohn Calhoun
94%
1969-1974Richard NixonSpiro AgnewGerald Ford
94%
1981-1989Ronald ReaganGeorge HW Bush
94%
2009-2017Barack ObamaJoe Biden
88%
1953-1961Dwight EisenhowerRichard Nixon
88%
1901-1909Theodore RooseveltCharles Fairbanks
88%
1913-1921Woodrow WilsonThomas Marshall
88%
1929-1933Herbert HooverCharles Curtis
81%
1817-1825James MonroeDaniel Tompkins
81%
1841-1845John Tyler
81%
1829-1837Andrew JacksonJohn CalhounMartin Van Buren
75%
1923-1929Calvin CoolidgeCharles Dawes
75%
1853-1857Franklin PierceWilliam King
75%
1857-1861James BuchananJohn Breckinridge
75%
1809-1817James MadisonGeorge ClintonElbridge Gerry
75%
1837-1841Martin Van BurenRichard Johnson
75%
1850-1853Millard Fillmore
75%
1909-1913William Howard TaftJames Sherman
75%
1849-1850Zachary TaylorMillard Fillmore
75%
1889-1893Benjamin HarrisonLevi Morton
69%
1841William Henry HarrisonJohn Tyler
69%
1897-1901William MckinleyGarret HobartTheodore Roosevelt
69%
1893-1897Grover ClevelandAdlai Stevenson
63%
1885-1889Grover ClevelandThomas Hendricks
63%
1921-1923Warren HardingCalvin Coolidge
63%
1881James GarfieldChester Arthur
56%
1961-1963John KennedyLyndon Johnson
50%
1869-1877Ulysses GrantSchuyler ColfaxHenry Wilson
31%
1881-1885Chester Arthur
25%
1877-1881Rutherford HayesWilliam Wheeler
25%
1845-1849James PolkGeorge Dallas
19%

Score Distribution

Percentile by Number Answered

Percent of People with Each Score

Your Score History

You have not taken this quiz